|
|
|
|
| LEADER |
01097nam a2200265 a 4500 |
| 001 |
3053452 |
| 008 |
091006s1996 dcu b 000 0 eng d |
| 010 |
|
|
|a \\\96032177
|
| 020 |
|
|
|a 0821337246
|
| 040 |
|
|
|a DLC
|c DLC
|d DLC
|
| 082 |
0 |
0 |
|a 379.1/2/091724
|2 20
|
| 100 |
1 |
|
|a Bray, Mark,
|d 1952-
|
| 245 |
1 |
0 |
|a Decentralization of education :
|b community financing /
|c Mark Bray.
|
| 260 |
|
|
|a Washington, D.C. :
|b World Bank,
|c c1996.
|
| 300 |
|
|
|a vii, 51 p. ;
|c 23 cm.
|
| 490 |
1 |
|
|a Directions in development
|
| 504 |
|
|
|a Includes bibliographical references (p. 47-51).
|
| 541 |
1 |
|
|e 00007132
|
| 650 |
|
0 |
|a Education
|z Developing countries
|x Finance.
|
| 650 |
|
0 |
|a Federal aid to education
|z Developing countries.
|
| 650 |
|
0 |
|a Community and school
|z Developing countries.
|
| 830 |
|
0 |
|a Directions in development (Washington, D.C.)
|
| 852 |
4 |
|
|a Ayesha Abed Library
|j General shelf
|
| 999 |
|
|
|c 4256
|d 4256
|
| 952 |
|
|
|0 0
|1 0
|2 ddc
|4 0
|6 379_120917240000000_BRA_1996
|7 0
|9 3923
|a BRACUL
|b BRACUL
|c GEN
|d 2009-10-06
|g 0.00
|l 0
|o 379.12091724 BRA
|p 3010007132
|r 2009-10-06
|t 1
|w 2009-10-06
|y BK
|x No price found in the accession register.
|